000
00267nam a22001217a 4500
008
181012b xxu||||| |||| 00| 0 eng d
041
_a
eng
080
_a
617
100
_a
8
101
_a
OFT
245
_a
Introduction to Ophthalmocsopy
_c
Paton,D
942
_2
udc
_c
BK
999
_c
49482
_d
49482